| 000 | 01584nam0a22003011 4500 | ||
|---|---|---|---|
| 001 | RU\INFOCOMM_322\NLR\5000231127 | ||
| 005 | 20250613112324.0 | ||
| 035 | _a(NLR Aleph) 009607375 | ||
| 090 |
_a9349553 _c9349553 |
||
| 100 | _a20130314d1989 |||y0rusy50 ca | ||
| 101 | 0 | _aeng | |
| 102 | _aRU | ||
| 105 | _ay z ||||| | ||
| 200 | 1 |
_aOn turbulence _eProc. of the 5th EPS Liquid state conf., held in the Inst. for problems in mechanics, USSR Acad. of sciences, Moscow. Oct. 16-21, 1989 _fEurop. phys. soc. Liquid sect. condenced matter div., Intern. union of theoretical a. appl. mechanics, USSR Acad. of sciences. Dep. of problems of mashinebuilding, mechanics a. control processes & Dep. of oceanology, atmospheric physics a. geography |
|
| 210 |
_a[M.] _d1989 |
||
| 215 |
_aVIII, 301 с. _cил. _d20 см |
||
| 225 | 1 |
_aEurophysics conference abstracts _fEurop. phys. soc. |
|
| 300 | _aВ вып. дан.: Исследование турбулентности. Расшир. тезисы докл. 5 Европ. конф. по жидкому состоянию материи, ИМП АН СССР, Москва, 16-21 окт. 1989 г. | ||
| 320 | _aБиблиогр. в конце докл. | ||
| 606 | 0 |
_aТурбулентность _xСъезды, совещания и т. п. _2nlr_sh1 |
|
| 620 | _aМосква | ||
| 686 |
_aВ253.312я431(4) _2rubbk |
||
| 712 | 0 | 2 |
_aEuropean physical society _bLiquid state conference _d5 _eMoscow _f1989 _4570 |
| 801 | 1 |
_aRU _bInfocomm _c20130314 |
|
| 801 | 0 |
_aRU _bINFOCOMM _gPSBO |
|
| 852 |
_aNLR _jМх01 Д-3/51 |
||
| 942 | _cBOOK | ||
| 980 | _aNB | ||